| 000 | 00387nam a2200145Ia 4500 | ||
|---|---|---|---|
| 008 | 191206s9999 xx 000 0 und d | ||
| 020 | _a0521398347 (pbk.) | ||
| 090 | _aPL8010.S64 | ||
| 245 | 0 | _a"Myth, literature, and the African world" | |
| 250 | _aCanto ed. | ||
| 260 | _aCambridge University Press | ||
| 260 | _cc1990 | ||
| 300 | _a"xii, 168 p. ; 22 cm." | ||
| 999 |
_c16538 _d16538 |
||